000 00662nam a2200241Ia 4500
003 OSt
005 20221007064523.0
006 a|||||r|||| 00| 0
007 ta
008 221006b |||||||| |||| 00| 0 eng d
024 _a29,856
037 _cTextual
040 _aFLL
_cFLL
_beng
041 _2eng
_aeng
082 _aZ2U42:21:45, J4
100 _aChadha Prem Nath
_9152574
245 0 _aLaw relating to administration of evacuees property
250 _a1st
260 _aDelhi
_bFederal Law Depot India
_c1954
300 _axv,427p
_ccm.
942 _hZ2U42:21:45, J4
_cTEXL
_2CC
999 _c1134336
_d1134336